El consuelo de la música
Сохранить в:
| Главный автор: | |
|---|---|
| Формат: | |
| Язык: | испанский |
| Опубликовано: |
Buenos Aires
Schapire
1954
|
| Серии: | Euterpe
|
| Предметы: | |
| Метки: |
Добавить метку
Нет меток, Требуется 1-ая метка записи!
|
MARC
| LEADER | 00000cam a2200000 a 4500 | ||
|---|---|---|---|
| 001 | UCN3286 | ||
| 003 | CL-VaPUC | ||
| 008 | 010622e19540000AG |||||||||||||||||spa|d | ||
| 082 | 0 | 4 | |a 781.17 |b DUH |2 21 |
| 100 | 0 | |a Duhamel, Georges |e author |9 459786 | |
| 245 | 1 | 3 | |a El consuelo de la música |
| 300 | |a 159 p | ||
| 942 | |c BK | ||
| 945 | |d 20010622 00:00:00 |a crobeson | ||
| 260 | |a Buenos Aires |b Schapire |c 1954 | ||
| 650 | 0 | |a Estética musical |9 265497 | |
| 650 | 0 | |a Apreciación musical |9 306325 | |
| 650 | 7 | |a CRITICA MUSICAL |2 CL-VaPUC |9 459787 | |
| 583 | |a last modification |c 20130930 06:55:31 |k Rodrigo Vera | ||
| 490 | 0 | |a Euterpe | |
| 999 | |c 296211 |d 296209 | ||
| 952 | |0 0 |1 0 |4 0 |6 781_170000000000000_DUH_1954 |7 0 |8 R |9 349832 |a BIBEDU |b BIBEDU |d 2019-11-20 |i 1188089 |o 781.17 DUH 1954 |p 1188089 |r 2022-01-17 |w 2019-11-20 |y BK_R |k MUS | ||
| 952 | |0 0 |1 0 |3 erb |4 0 |6 781_170000000000000_DUH_1954 |7 0 |8 R |9 349833 |a BIBEDU |b BIBEDU |d 2019-11-20 |i 5002397 |o 781.17 DUH 1954 |p 5002397 |r 2023-01-12 |w 2019-11-20 |y BK_R |z Catalogado en:20130930 |k MUS | ||